| 000 | 00445cam a2200181ua 4500 | ||
|---|---|---|---|
| 020 | _cRe 1.00 | ||
| 041 |
_amal _h |
||
| 082 |
_a894.8121 _bPAR/UM |
||
| 100 | _aParameswara Aiyer, Ullur. | ||
| 245 |
_aUmakeralam / _cUllur Parameswara Aiyer. _hTextual Documents |
||
| 250 |
_a1 / _b. |
||
| 260 |
_aUllur : _bUllur Publishers , _c1971. |
||
| 300 | _a58 ; . | ||
| 365 | _aRe 1.00 | ||
| 504 | _a | ||
| 942 | _cBK | ||
| 999 |
_c4029 _d4029 |
||